|
|
|
|
| LEADER |
00000nab a2200000 i 4500 |
| 001 |
publ931 |
| 005 |
20190314110109.0 |
| 008 |
190314s2016 hu o 000 zxx d |
| 040 |
|
|
|a BGE Publikációtár Repozitórium
|b hun
|
| 100 |
1 |
|
|a Moldicz Csaba
|
| 245 |
1 |
0 |
|a Historical Components of Taiwan’s Competitiveness
|c Moldicz Csaba
|h [elektronikus dokumentum]
|
| 260 |
|
|
|c 2016
|
| 300 |
|
|
|a 147-182
|
| 490 |
0 |
|
|a Miracles do happen: Taiwan's economic development
|
| 650 |
|
4 |
|a közgazdaságtudományok
|
| 695 |
|
|
|a Tajvan
|
| 695 |
|
|
|a versenyképesség
|
| 856 |
4 |
0 |
|u https://publikaciotar.uni-bge.hu/id/eprint/931/1/moldicz3.pdf
|z Dokumentum-elérés
|